<?xml version="1.0" encoding="UTF-8"?><?xml-stylesheet type="text/xsl" href="static/style.xsl"?><OAI-PMH xmlns="http://www.openarchives.org/OAI/2.0/" xmlns:xsi="http://www.w3.org/2001/XMLSchema-instance" xsi:schemaLocation="http://www.openarchives.org/OAI/2.0/ http://www.openarchives.org/OAI/2.0/OAI-PMH.xsd"><responseDate>2026-04-14T06:28:34Z</responseDate><request verb="GetRecord" identifier="oai:www.recercat.cat:2072/396170" metadataPrefix="marc">https://recercat.cat/oai/request</request><GetRecord><record><header><identifier>oai:recercat.cat:2072/396170</identifier><datestamp>2026-04-13T00:12:18Z</datestamp><setSpec>com_2072_98</setSpec><setSpec>col_2072_378192</setSpec></header><metadata><record xmlns="http://www.loc.gov/MARC21/slim" xmlns:dcterms="http://purl.org/dc/terms/" xmlns:xsi="http://www.w3.org/2001/XMLSchema-instance" xmlns:doc="http://www.lyncode.com/xoai" xsi:schemaLocation="http://www.loc.gov/MARC21/slim http://www.loc.gov/standards/marcxml/schema/MARC21slim.xsd">
   <leader>00925njm 22002777a 4500</leader>
   <datafield ind2=" " ind1=" " tag="042">
      <subfield code="a">dc</subfield>
   </datafield>
   <datafield ind2=" " ind1=" " tag="720">
      <subfield code="a">Huelva-Unternbaumen, Enrique</subfield>
      <subfield code="e">author</subfield>
   </datafield>
   <datafield ind2=" " ind1=" " tag="260">
      <subfield code="c">2011</subfield>
   </datafield>
   <datafield ind2=" " ind1=" " tag="520">
      <subfield code="a">This paper analyzes the grammatical conceptualization of a specific kind of event which, since Austin's (1962) and Searle's works (1969), are known as speech acts. Since they also represent aspects of reality, they are, as such, submitted to a process of conceptualization, different from the behavior of other types of acts, because language itself is their instrument. The concept of OBJECT TRANSFER, conceptualizing our experience of directive speech acts is conditionned by general cognitive mechanisms, conceptual metaphors and mental space blending, as well as several integrated specific cognitive operations: categorization, particularization, etc.</subfield>
   </datafield>
   <datafield ind2=" " ind1=" " tag="520">
      <subfield code="a">El presente artículo analiza la conceptualización gramatical de un tipo especial de construcciones conocidas como 'actos de habla' a partir de los trabajos de Austin (1962) y Searle (1969). Dado que dichas construcciones representan aspectos de la realidad son sometidos, como tales, a un proceso de conceptualización diferente al de otros tipos de actos, ya que el lenguaje se convierte en su instrumento. El concepto de TRANSFERENCIA DE OBJETO que conceptualiza nuestra experiencia en los discursos directivos está condicionado por mecanismos cognitivos generales, metáforas conceptuales y mental space blending así como diversas operaciones cognitivas integradas como la categorización, la particularización, etc.</subfield>
   </datafield>
   <datafield tag="653" ind2=" " ind1=" ">
      <subfield code="a">Semàntica cognitiva</subfield>
   </datafield>
   <datafield tag="653" ind2=" " ind1=" ">
      <subfield code="a">Gramàtica constructiva</subfield>
   </datafield>
   <datafield tag="653" ind2=" " ind1=" ">
      <subfield code="a">Actes de parla</subfield>
   </datafield>
   <datafield tag="653" ind2=" " ind1=" ">
      <subfield code="a">Metàfora conceptual</subfield>
   </datafield>
   <datafield tag="653" ind2=" " ind1=" ">
      <subfield code="a">Cognitive semantics</subfield>
   </datafield>
   <datafield tag="653" ind2=" " ind1=" ">
      <subfield code="a">Construction grammar</subfield>
   </datafield>
   <datafield tag="653" ind2=" " ind1=" ">
      <subfield code="a">Speech acts</subfield>
   </datafield>
   <datafield tag="653" ind2=" " ind1=" ">
      <subfield code="a">Conceptual metaphor</subfield>
   </datafield>
   <datafield tag="653" ind2=" " ind1=" ">
      <subfield code="a">Space blending</subfield>
   </datafield>
   <datafield tag="653" ind2=" " ind1=" ">
      <subfield code="a">Semántica cognitiva</subfield>
   </datafield>
   <datafield tag="653" ind2=" " ind1=" ">
      <subfield code="a">Gramática constructiva</subfield>
   </datafield>
   <datafield tag="653" ind2=" " ind1=" ">
      <subfield code="a">Actos de habla</subfield>
   </datafield>
   <datafield tag="653" ind2=" " ind1=" ">
      <subfield code="a">Metáfora conceptual</subfield>
   </datafield>
   <datafield ind2="0" ind1="0" tag="245">
      <subfield code="a">Cómo hacer palabras con cosas haciendo cosas con palabras : acerca de la experienciación y conceptualización de actos de habla</subfield>
   </datafield>
</record></metadata></record></GetRecord></OAI-PMH>